000 00323nam a2200097Ia 4500
008 220120s9999||||xx |||||||||||||| ||und||
100 _aDhanalaxmi, Jauseena and Vidyashree
_912385
245 0 _aWi fi based shoping guide in shoping mall
260 _aCoorg Institute of Technology
_bPonnampet
_c2012
650 _aCOMPUTER SCIENCE
999 _c137972
_d137972